000
00344 a2200157 4500
001
72422
020
_a
9788526016477
040
_c
Anchieta - Colégio São Paulo
100
_a
Lima, Edy
240
1
0
_a
A vaca invisível
_l
por
245
1
0
_a
A vaca invisível
300
_a
108
362
0
_a
2012
650
4
_a
Literatura juvenil
942
_c
BK
999
_c
72422
_d
72422